LDR 01022naa#a2200193#i#450# 001 RU\\bibl\120285 005 20260416225015.4 011 ## _a1819-4036 100 ## _a20210331b2021####ek#y0rusy0150####ca 102 ## _aRU 200 1# _aПЕРЕВАРИМОСТЬ КОРМОВ КУРАМИ ПРИ ИСПОЛЬЗОВАНИИ РЫБНОЙ КОРМОВОЙ ДОБАВКИ _eЖурнальная статья 210 1# _aКрасноярск _cКрасноярский государственный аграрный университет _d2021 215 ## _a4 с. 608 ## _aЖурнальная статья _2local 675 ## _aОбщее животноводство. Разведение млекопитающих животных и птиц. Скотоводство. Домашние животные и их разведение. 636 _z 700 #1 _aЦой _gЗоя Владимировна 700 #1 _aНикулин _gЮрий Петрович 700 #1 _aНикулина _gОльга Азгатовна 856 4# _avestnik.kgau.ru _u